Palau Trivia - Statistics

General Stats
  • This quiz has been taken 35 times
  • The average score is 3 of 6
Answer Stats
Hint Answer % Correct
What is the capital? Ngerulmud
79%
What is the most common religion? Roman Catholic
79%
What is the largest city? Koror
71%
What is the main island called? Babeldaob
25%
What is the southernmost state? Hatohobei
18%
What is the national bird? Palau Fruit Dove
7%
No matching quizzes found
Score Distribution
Percent of People with Each Score
Percentile by Number Answered
Your Score History
You have not taken this quiz